Agricultural Prices 1992 Summary

Gespeichert in:
Bibliographische Detailangaben
Format: Buch
Sprache:Englisch
Veröffentlicht: Washington United States Department of Agriculture 1993
Schlagworte:
Tags: Tag hinzufügen
Keine Tags, Fügen Sie das erste Tag hinzu!

MARC

LEADER 00000nam a2200000 4500
001 c003898
005 20250917085712.9
041 0 |a eng 
044 |a US 
245 1 0 |a Agricultural Prices  |b 1992 Summary 
264 1 |a Washington  |b United States Department of Agriculture  |c 1993 
300 |a 125,51 s. 
610 2 0 |a poľnohospodárstvo 
610 2 0 |a USA